书目信息 |
| 题名: |
行政事业单位会计
|
|
| 作者: | ;浙江省财政局预算处 编 | |
| 分册: | ||
| 出版信息: | 北京 中国财政经济出版社 1980.3 |
|
| 页数: | 124页 | |
| 开本: | 19cm | |
| 丛书名: | ||
| 单 册: | ||
| 中图分类: | F23 , F235 | |
| 科图分类: | ||
| 主题词: | 会计 , 会计 | |
| 电子资源: | ||
| ISBN: | ||
| 000 | 00638nam0 2200229 45 | |
| 001 | 0304111012 | |
| 005 | 20040425105906.5 | |
| 010 | @dCNY0.34 | |
| 091 | @a4166.182 | |
| 100 | @a20030411d1980 km y0chiy0120 ea | |
| 101 | 0 | @achi |
| 105 | @a z 000yy | |
| 200 | 1 | @a行政事业单位会计@AXing Zheng Shi Ye Dan Wei Kuai Ji@f浙江省财政局预算处编@FZhe Jiang Sheng Cai Zheng Ju Yu Suan Chu Bian |
| 210 | @a北京@c中国财政经济出版社@d1980.3 | |
| 215 | @a124页@d19cm | |
| 606 | 0 | @a会计 |
| 606 | 0 | @a会计 |
| 690 | @aF23@v3 | |
| 690 | @aF235 | |
| 711 | 02 | @a浙江省财政局预算处@4编 |
| 801 | @aCN@bTSTC@c20030411 | |
| 905 | @dF235@f1@b35260@e5 | |
| 行政事业单位会计/浙江省财政局预算处编.-北京:中国财政经济出版社,1980.3 |
| 124页;19cm |
| ISBN :CNY0.34 |
| ● |
| 相关链接 |
|
|
|
|
正题名:行政事业单位会计
索取号:F235/5
 
预约/预借
| 序号 | 登录号 | 条形码 | 馆藏地/架位号 | 状态 | 备注 |
| 1 | 0035260 | 000204754 | 第一借阅区/ [索取号:F235/5] | 在馆 | |
| 2 | 0035261 | 000204013 | 第一样本阅览室/ [索取号:F235/5] | 在馆 |